01013nam a2200301 a 4500001001000000003000900010005001700019007000300036008004100039020001800080040003000098082003000128100005000158245005300208250002100261264004800282300004400330336002700374337003300401338002800434590002600462650002400488650002600512910000700538942001400545952013500559999001700694000044168DO-SdBNP20240710114450.0ta240625s2012 dr a 000 f spa d a9789945164282 aDO-SdBNPbspacBNPHUerda aRD863.44bC352i, 20122221 aCastillo Javier, Gerardo,d1963-eautor9167710aInvocar a un ángel /cGerardo Castillo Javier. a3 era. edición aSanto Domingo :bDragón Editorial,c2012. a158 paginas. :bilustraciones ;c23 cm. 2rdacontentatextobtxt 2rdamediaasin mediaciónbn 2rdacarrieravolumenbnc aInventariado, 2024/DG 4aCuentos dominicanos 4aLiteratura dominicana aDG 2ddccLBS1 00102ddc51708DSaBNPHUbBNPHUcCTd2014-06-03edonaciónl0oRD863.44 C352i,p2024-3695r2020-06-25yLBS1ZPréstamo en sala c43657d43657